| 000 | 01270cam a22003257a 4500 | ||
|---|---|---|---|
| 999 |
_c36339 _d36339 |
||
| 001 | 13873984 | ||
| 005 | 20221116103630.0 | ||
| 008 | 050215s2006 inua 001 0 eng c | ||
| 010 | _a 2005922371 | ||
| 020 | _a1587052393 (pbk.) x | ||
| 035 | _a(OCoLC)ocm64441632 | ||
| 080 | _a004 C-23 | ||
| 100 | 1 |
_aCarter, Earl. _9677 |
|
| 245 | 1 | 0 |
_aIntrusion prevention fundamentals / _cEarl Carter, Jonathan Hogue. |
| 246 | 1 |
_iSubtitle on cover: _aIntroduction to network attack mitigation with IPS |
|
| 260 |
_aIndianapolis, IN : _bCisco Press, _cc2006. |
||
| 300 |
_axxiii, 287 p. : _bill. ; _c24 cm. |
||
| 440 | 0 |
_aCisco Press fundamentals series _9678 |
|
| 500 | _aIncludes index. | ||
| 650 | 0 |
_aComputer networks _xSecurity measures. _9679 |
|
| 650 | 0 |
_aComputer networks _xAccess control. _9680 |
|
| 650 | 0 |
_aComputer security. _9681 |
|
| 653 | _aინფორმატიკა | ||
| 700 | 1 |
_aHogue, Jonathan. _9682 |
|
| 856 | 4 | 1 |
_3Table of contents only _uhttp://www.loc.gov/catdir/toc/fy0612/2005922371.html |
| 906 |
_a7 _bcbc _cpccadap _d2 _encip _f20 _gy-gencatlg |
||
| 942 |
_2udc _cBK |
||
| 955 |
_ajf17 2006-08-08 z-processor; _ijf17 2006-08-08; _aaa05 2006-09-08 _aaa29 2006-09-12 _ayy08 2006-09-14 copy 2 added |
||
| 955 |
_apc15 2005-02-15 _ajf00 2006-05-08 |
||